Statistiques concernant L'Origine Des Mots

Cliquez ici pour prendre le quiz!

Statistiques générales

  • Ce quiz a été pris 112 fois
  • Le résultat moyen est 9 sur 14

Statistiques - réponses

MotLangue% Correct
CampingAnglais
98%
BalalaikaRusse
94%
OpéraItalien
92%
WagonAllemand
88%
SumoJaponais
88%
BaieEspagnol
87%
AlcoolArabe
78%
ZèbrePortugais
68%
SkiNorvégien
59%
MatelotNéerlandais
41%
CaféTurc
39%
VampireSerbe
32%
RobotTchèque
31%
ShampoingHindi
26%

Distribution des résultats

Percentile par nombre de réponses

% des personnes avec chaque résultat

Votre développement - résultats

Vous n’avez pas pris ce quiz